Drawing dragons : (Record no. 1369)

MARC details
000 -LEADER
fixed length control field 01099cam a22002774a 4500
005 - DATE AND TIME OF LATEST TRANSACTION
control field 20260322212057.0
008 - FIXED-LENGTH DATA ELEMENTS--GENERAL INFORMATION
fixed length control field data
010 ## - LIBRARY OF CONGRESS CONTROL NUMBER
LC control number 2007907743
020 ## - INTERNATIONAL STANDARD BOOK NUMBER
International Standard Book Number 1569756414 (pbk.)
020 ## - INTERNATIONAL STANDARD BOOK NUMBER
International Standard Book Number 9781569756416 (pbk.)
040 ## - CATALOGING SOURCE
Original cataloging agency DLC
Transcribing agency DLC
Modifying agency DLC
050 00 - LIBRARY OF CONGRESS CALL NUMBER
Classification number NC825.D72
Item number S83 2008
082 00 - DEWEY DECIMAL CLASSIFICATION NUMBER
Classification number 743/.87
Edition information 22
092 ## - LOCALLY ASSIGNED DEWEY CALL NUMBER (OCLC)
Classification number 743 S83 2008
001 - CONTROL NUMBER
control field data
100 1# - MAIN ENTRY--PERSONAL NAME
Personal name Staple, Sandra.
245 10 - TITLE STATEMENT
Title Drawing dragons :
Remainder of title learn how to create fantastic fire-breathing dragons /
Statement of responsibility, etc. Sandra Staple.
260 ## - PUBLICATION, DISTRIBUTION, ETC.
Place of publication, distribution, etc. Berkeley, CA :
Name of publisher, distributor, etc. Ulysses Press,
Date of publication, distribution, etc. c2008.
300 ## - PHYSICAL DESCRIPTION
Extent x, 150 p., [8] p. of col. plates :
Other physical details ill. (some col.) ;
Dimensions 24 cm.
520 ## - SUMMARY, ETC.
Summary, etc. "In easy-to-follow, step-by-step detail, Drawing Dragons teaches you all the tricks and tecniques you'll need to creat your own amazing dragons"-- P. 4 of cover.
650 #0 - SUBJECT ADDED ENTRY--TOPICAL TERM
Topical term or geographic name entry element Drawing
General subdivision Technique
Form subdivision Juvenile literature
650 #0 - SUBJECT ADDED ENTRY--TOPICAL TERM
Topical term or geographic name entry element Dragons in art
Form subdivision Juvenile literature.
906 ## - LOCAL DATA ELEMENT F, LDF (RLIN)
a 7
b cbc
c orignew
d 2
e ncip
f 20
g y-gencatlg
925 0# -
-- acquire
-- 2 shelf copies
-- policy default
Holdings
Withdrawn status Lost status Damaged status Not for loan Home library Current library Shelving location Date acquired Total checkouts Full call number Barcode Date last seen Price effective from Koha item type
        Franklin Franklin General stacks 22/03/2026   743/.87 22 BC0011415 22/03/2026 22/03/2026 Books